Examen de ingenios para las ciencias /

Bibliographic Details
Main Author: Huarte, Juan, 1529?-1588
Format: Electronic eBook
Language:Spanish
Published: Barcelona : www.Linkgua.com, 2011.
Series:Diferencias. (Linkgua Ediciones)
Subjects:
Online Access:Digitalia Hispánica

MARC

LEADER 00000nam a2200000Ii 4500
001 DIGLINK00770
003 NyNyDIG
006 m o d
007 cr |||||||||||
008 140301s2011 sp o 000 0 spa d
020 |a 9788498169744  |q (eBook) 
020 |z 9788498169737 
020 |z 9788496428447 
040 |a DGITA  |b eng  |e pn  |c DGITA 
043 |a e-sp--- 
050 1 4 |a BF431 eBook 
100 1 |a Huarte, Juan,  |d 1529?-1588. 
240 1 0 |a Examen de ingenios 
245 1 0 |a Examen de ingenios para las ciencias /  |c Juan Huarte de San Juan. 
264 1 |a Barcelona :  |b www.Linkgua.com,  |c 2011.  
300 |a 1 online resource (302 pages) 
336 |a text  |b txt  |2 rdacontent 
337 |a computer  |b c  |2 rdamedia 
338 |a online resource  |b cr  |2 rdacarrier 
490 1 |a Diferencias. 
650 0 |a Ability  |v Early works to 1800. 
650 0 |a Psychology  |v Early works to 1850. 
655 0 |a Electronic books. 
791 2 |a Digitalia (Firm),  |e distributor. 
830 0 |a Diferencias. (Linkgua Ediciones) 
793 0 |g Digitalia eBook Collection:  |a Linkgua. 
856 4 0 |3 Digitalia Hispánica  |u https://www.digitaliapublishing.com/a/15109/ 
910 |a Premium Collection: 2007-2012